| 000 | 01324cam a2200337 a 4500 | ||
|---|---|---|---|
| 001 | EDZ0000063864 | ||
| 003 | StDuBDS | ||
| 005 | 20161031105138.0 | ||
| 006 | m||||||||d|||||||| | ||
| 007 | cr ||||||||||| | ||
| 008 | 120326s1997 enk fo| 001|0|eng d | ||
| 020 |
_a9781446221655 (ebook) : _cNo price |
||
| 040 |
_aStDuBDS _beng _cStDuBDS _epn |
||
| 049 | _aAlfaisal Main Library | ||
| 050 | 0 |
_aBF637.C6 _bC744 1997 |
|
| 082 | 0 | 4 |
_a361.06 _223 |
| 100 | 1 | _aCrouch, Anthony. | |
| 245 | 1 | 0 |
_aInside counselling _h[electronic resource] : _bbecoming and being a professional counsellor / _cAnthony Crouch. |
| 260 |
_aLondon : _bSAGE, _c1997. |
||
| 300 | _a1 online resource (xiii, 184 p.) | ||
| 500 | _aIncludes index. | ||
| 520 | 8 | _aWeaving together the perspectives of students, counsellors clients and supervisors, Crouch breaks away from traditional methods to present complex theories, difficult concepts and serious information using 'talk' as the main medium. | |
| 521 | _aSpecialized. | ||
| 588 | _aDescription based on print version record. | ||
| 650 | 0 | _aCounseling. | |
| 655 | 7 |
_aElectronic books. _2local |
|
| 710 | 2 | _aSage eBooks | |
| 776 | 0 | 8 |
_iPrint version : _z9780803975293 |
| 856 | 4 | 0 | _uhttp://ezproxy.alfaisal.edu/login?url=http://sk.sagepub.com/books/inside-counselling |
| 942 |
_2lcc _cEBOOKS |
||
| 999 |
_c480296 _d480296 |
||